Terrorism and sustainable development

Bibliographic Details
Other Authors: Abdul Razak Baginda, Schier Peter
Format: Book
Published: United Kingdom : Asean Academic Press LTD , 2005
Subjects:

MARC

LEADER 00000cam a2200000 7i4500
001 0000014502
005 20080326.0
008 030308
020 |a 1901919528 
090 0 0 |a 363.32   |b TER 
245 1 0 |a Terrorism and sustainable development   |c Abdul Razak Baginda, Schier Peter 
260 |a United Kingdom :   |b Asean Academic Press LTD ,   |c 2005 
650 0 |a Terrorism   |x Prevention   |x Congresses 
700 1 |a Abdul Razak Baginda 
700 1 |a Schier Peter 
999 |a 0001011406   |b Book   |c Adult Collection   |e Cawangan Mersing 
999 |a 0001011407   |b Book   |c REFERENCE   |e Perbadanan Perpustakaan Awam Johor 
999 |a 0001011408   |b Book   |c REFERENCE   |e Perbadanan Perpustakaan Awam Johor